Obálka Náhled e-knihy:
PDF
Pro půjčování e-knih musíte být přihlášeni.
Jak si půjčit online?

Red Bull Racing - Na krídlach úspechu /

Jeden z najúspešnejších tímov Formuly 1, Red Bull Racing, oslavuje dvadsiate výročie založenia. Na krídlach úspechu je strhujúcou kronikou dvoch desaťročí pretekov a zoznámi vás s históriou tímu od jeho divokých začiatkov cez priekopnícke sezóny až po súčasného majstra sveta Maxa Verstappena. Vďaka...

Celý popis

Uloženo v:
Hlavní autor: Hunt, Ben (Autor)
Médium: E-kniha
Jazyk:Czech
Vydáno: Praha : Albatros Media Slovakia s.r.o., 2025
Tagy:
Žádné tagy
LEADER 01484nam a22002297i 4500
001 303212
007 ta
008 260518s2025 xr ||||| |||| 00| 0 cze d
020 |a 9788056644249 
044 |a xr 
100 1 |a  Hunt, Ben  |4 aut 
245 1 0 |a Red Bull Racing - Na krídlach úspechu /  |c  Hunt, Ben 
240 1 0 |a Growing Wings 
264 1 |a Praha :  |b Albatros Media Slovakia s.r.o.,  |c 2025 
300 |a 1 online zdroj (344 stran) 
336 |a text  |b txt  |2 rdacontent 
337 |a bez média  |b n  |2 rdamedia 
338 |a online zdroj  |b cr  |2 rdacarrier 
520 2 |a Jeden z najúspešnejších tímov Formuly 1, Red Bull Racing, oslavuje dvadsiate výročie založenia. Na krídlach úspechu je strhujúcou kronikou dvoch desaťročí pretekov a zoznámi vás s históriou tímu od jeho divokých začiatkov cez priekopnícke sezóny až po súčasného majstra sveta Maxa Verstappena. Vďaka exkluzívnemu prístupu do zákulisia stajne novinár Ben Hunt skúma fungovanie tohto svetoznámeho tímu, od osobností, rivality a kontroverzií až po technológie, ktoré menia pravidlá hry a stratégie vedenia. 
910 |a RBIT002 
998 |d 426884  |a https://core.palmknihy.cz/api/books/426884/cover?tesgh9  |b https://core.palmknihy.cz/api/books/426884/cover/400?tesgh9  |c https://core.palmknihy.cz/api/books/426884/cover/50?tesgh9  |e 2030-05-21  |g 344  |i 9788056644249  |k https://core.palmknihy.cz/api/books/426884/preview.pdf  |l   |q 49  |r 1  |s https://www.palmknihy.cz/kniha/426884  |t ebook  |y 2025  |z 1 
999 |d 303210